Actors / Actresses Chain #4 - Statistics

General Stats
  • This quiz has been taken 115 times
  • The average score is 17 of 38
Answer Stats
Answer Hint % Correct
Jackie Chan Rush Hour
88%
Will Smith Bad Boys
87%
Will Smith Hitch
87%
Mark Wahlberg The Other Guys
79%
Mark Wahlberg Ted
79%
Steve Martin Cheaper by the Dozen
73%
Steve Martin The Pink Panther
73%
Dwayne Johnson Central Intelligence
69%
Dwayne Johnson Baywatch
69%
Ice Cube Friday
54%
Ice Cube Ride Along
54%
Martin Lawrence Big Mommas: Like Father, Like Son
53%
Martin Lawrence Bad Boys
53%
Chris Tucker Rush Hour
48%
Chris Tucker Friday
48%
Kevin Hart Ride Along
46%
Kevin Hart Central Intelligence
46%
Mila Kunis Ted
44%
Mila Kunis Forgetting Sarah Marshall
44%
Eva Mendes Hitch
39%
Eva Mendes The Other Guys
39%
Alyson Hannigan How I Met Your Mother (TV Show)
34%
Alyson Hannigan American Pie
34%
Vince Vaughn Couples Retreat
34%
Vince Vaughn Delivery Man
34%
Alexandra Daddario Baywatch
33%
Alexandra Daddario Percy Jackson: Sea of Monsters
33%
Kristen Bell Forgetting Sarah Marshall
30%
Kristen Bell Couples Retreat
30%
Hilary Duff A Cinderella Story
26%
Hilary Duff Cheaper by the Dozen
26%
Brandon T. Jackson Percy Jackson: Sea of Monsters
22%
Brandon T. Jackson Big Mommas: Like Father, Like Son
22%
Cobie Smulders Delivery Man
16%
Cobie Smulders How I Met Your Mother (TV Show)
16%
Jennifer Coolidge American Pie
15%
Jennifer Coolidge A Cinderella Story
15%
Jean Reno The Pink Panther
7%
No matching quizzes found
Score Distribution
Percent of People with Each Score
Percentile by Number Answered
Your Score History
You have not taken this quiz